| Record ID | ia:huron0000liba |
| Source | Internet Archive |
| Download MARC XML | https://archive.org/download/huron0000liba/huron0000liba_marc.xml |
| Download MARC binary | https://www.archive.org/download/huron0000liba/huron0000liba_meta.mrc |
LEADER: 03073cam 22007094i 4500
001 ocm52542475
003 OCoLC
005 20181003060410.0
008 030514s2004 pauab c b 001 0 eng
010 $a 2003011269
040 $aDLC$beng$erda$cDLC$dQBX$dNLC$dBAKER$dBTCTA$dIG#$dOCLCQ$dBDX$dYDXCP$dOCLCO$dOCLCF$dOCLCQ$dRB0$dOCLCQ$dDT5
015 $a20050054139$2can
016 $a(AMICUS)000028880797
020 $a1590846702$q(lib. bdg.)
020 $a9781590846704$q(lib. bdg.)
020 $a159084663X$q(series)
020 $a9781590846636$q(series)
035 $a(OCoLC)52542475
037 $a1229693$bQBI
042 $apcc$alcac
043 $an-us-ks$an-us-ok
050 00 $aE99.H9$bL53 2004
055 02 $aE99*
082 00 $a973.04/97555$221
084 $acci1icc$2lacc
100 1 $aLibal, Autumn,$eauthor.
245 10 $aHuron /$cby Autumn Libal.
264 1 $aPhiladelphia :$bMason Crest Publishers,$c[2004]
300 $a94 pages :$billustrations (chiefly color), color maps ;$c25 cm.
336 $atext$btxt$2rdacontent
337 $aunmediated$bn$2rdamedia
338 $avolume$bnc$2rdacarrier
490 1 $aNorth American Indians today
504 $aIncludes bibliographical references (pages 91-92) and index.
505 0 $aCreation -- History -- A journey lasting two hundred years -- Government past and present -- Economic opportunities and social services -- Oral traditions and spirituality -- Contributions -- Challenges of today, hopes for the future.
520 $aDiscusses the history as well as the past and present culture of the Huron people, also known as the Wyandot.
650 0 $aWyandot Indians$xHistory$vJuvenile literature.
650 0 $aWyandot Indians$xSocial life and customs$vJuvenile literature.
650 1 $aWyandot Indians.
650 1 $aIndians of North America.
650 7 $aWyandot Indians.$2fast$0(OCoLC)fst01181755
650 7 $aWyandot Indians$xSocial life and customs.$2fast$0(OCoLC)fst01181764
650 7 $aWyandot Indians$xHistory$vJuvenile literature.$2sears
650 7 $aWyandot Indians$xSocial life and customs$vJuvenile literature.$2sears
650 6 $aHurons$xHistoire$vOuvrages pour la jeunesse.
650 6 $aHurons$xMoeurs et coutumes$vOuvrages pour la jeunesse.
650 5 $aHuron Indians$vJuvenile literature.
655 7 $aHistory.$2fast$0(OCoLC)fst01411628
655 7 $aJuvenile works.$2fast$0(OCoLC)fst01411637
830 0 $aNorth American Indians today.
856 41 $3Table of contents$uhttp://catdir.loc.gov/catdir/toc/ecip044/2003011269.html
938 $aBaker & Taylor$bBKTY$c22.95$d22.95$i1590846702$n0004265020$sactive
938 $aBrodart$bBROD$n00728985$c$22.95
938 $aBaker and Taylor$bBTCP$n2003011269
938 $aIngram$bINGR$n9781590846636
938 $aQuality Books, Inc.$bQUAL$na 03011269
938 $aYBP Library Services$bYANK$n8194222
029 1 $aAU@$b000024764738
029 1 $aIG#$b9781590846636
029 1 $aNLC$b000028880797
994 $aZ0$bP4A
948 $hNO HOLDINGS IN P4A - 150 OTHER HOLDINGS